000 00486nam a2200133Ia 4500
008 100328s9999 xx 000 0 und d
082 _b49918
100 _aस्वामी चैतन्य किर्ती
245 _aओशो-शिक्षा में क्रांती
260 _bरेबल
630 _aओशो-शिक्षा में क्रांती
730 _aओशो-शिक्षा में क्रांती
942 _cBOOK
999 _c537159
_d537156